Central Library OPAC University of Rajshahi

পদার্থের ধর্ম / (Record no. 47939)

MARC details
000 -LEADER
fixed length control field 00864nam a2200229 a 4500
001 - CONTROL NUMBER
control field 47939
003 - CONTROL NUMBER IDENTIFIER
rucl marc code BD-RjUL
005 - DATE AND TIME OF LATEST TRANSACTION
control field 20211209054428.0
008 - FIXED-LENGTH DATA ELEMENTS--GENERAL INFORMATION
fixed length control field 160811s1977 ii a|||| |||| 00| 0 ben d
035 ## - SYSTEM CONTROL NUMBER
System control number (BD-RjUL)48058
040 ## - CATALOGING SOURCE
Original cataloging agency BD-RjUL
Language of cataloging ben
Transcribing agency BD-RjUL
041 ## - LANGUAGE CODE
Language code of text/sound track or separate title ben
082 ## - DEWEY DECIMAL CLASSIFICATION NUMBER
Edition number 23
Classification number B 539.1
Author mark and year CHP 1977
100 ## - MAIN ENTRY--PERSONAL NAME
Personal name চৌধুরী, ডি. পি. রায়
9 (RLIN) 145474
245 ## - TITLE STATEMENT
Title পদার্থের ধর্ম /
Statement of responsibility, etc. ডি. পি. রায় চৌধুরী
250 ## - EDITION STATEMENT
Edition statement ২য় সং
260 ## - PUBLICATION, DISTRIBUTION, ETC. (IMPRINT)
Place of publication, distribution, etc. কলকাতা :
Name of publisher, distributor, etc. পশ্চিমবঙ্গ রাজ্য পুস্তক,
Date of publication, distribution, etc. ১৯৭৭.
300 ## - PHYSICAL DESCRIPTION
Pagination ৫৩৮ পৃ. :
Illustrations চিত্র ;
Size ২১ সেমি.
650 ## - SUBJECT ADDED ENTRY--TOPICAL TERM
Topical term or geographic name as entry element পদার্থ
General subdivision বৈশিষ্ট্যাবলী
9 (RLIN) 145475
Topical term or geographic name as entry element Matter
General subdivision Properties.
9 (RLIN) 118463
942 ## - ADDED ENTRY ELEMENTS (KOHA)
Source of classification or shelving scheme Dewey Decimal Classification
Koha item type Books
Holdings
Lost status Source of classification or shelving scheme Damaged status Not for loan Collection code Permanent Location Current Location Shelving location Date acquired Source of acquisition Cost, normal purchase price Total Checkouts Full call number Date last seen Copy number Koha item type
  Dewey Decimal Classification     Non-fiction Central Library, University of Rajshahi Central Library, University of Rajshahi   05/04/1982 India Int. 10.00   B 539.1 CHP 1977 11/08/2016 C-2 Books